Deadline : (Record no. 1173)

000 -LEADER
fixed length control field 01168nam a22003497a 4500
001 - CONTROL NUMBER
control field 2017047
003 - CONTROL NUMBER IDENTIFIER
control field OSt
005 - DATE AND TIME OF LATEST TRANSACTION
control field 20210426120011.0
008 - FIXED-LENGTH DATA ELEMENTS--GENERAL INFORMATION
fixed length control field 910213s1991 nyuaf 001 0aeng
010 ## - LIBRARY OF CONGRESS CONTROL NUMBER
LC control number 91052679
020 ## - INTERNATIONAL STANDARD BOOK NUMBER
International Standard Book Number 0394585585 :
Terms of availability $25.00 ($33.00 Can.)
040 ## - CATALOGING SOURCE
Original cataloging agency DLC
Transcribing agency DLC
Modifying agency DLC
043 ## - GEOGRAPHIC AREA CODE
Geographic area code n-us---
050 00 - LIBRARY OF CONGRESS CALL NUMBER
Classification number PN4874.R447
Item number A3 1991
080 ## - UNIVERSAL DECIMAL CLASSIFICATION NUMBER
Universal Decimal Classification number 92
Item number R-45
082 00 - DEWEY DECIMAL CLASSIFICATION NUMBER
Classification number 070/.92
-- B
Edition number 20
100 1# - MAIN ENTRY--PERSONAL NAME
Personal name Reston, James,
Dates associated with a name 1909-1995
245 10 - TITLE STATEMENT
Title Deadline :
Remainder of title a memoir /
Statement of responsibility, etc. James Reston.
250 ## - EDITION STATEMENT
Edition statement 1st ed.
260 ## - PUBLICATION, DISTRIBUTION, ETC.
Place of publication, distribution, etc. New York :
Name of publisher, distributor, etc. Random House,
Date of publication, distribution, etc. c1991.
300 ## - PHYSICAL DESCRIPTION
Extent xvii, 525 p., [16] p. of plates :
Other physical details ill. ;
Dimensions 25 cm.
500 ## - GENERAL NOTE
General note Includes index.
600 00 - SUBJECT ADDED ENTRY--PERSONAL NAME
Personal name Reston, James,
Dates associated with a name 1909-1995
630 00 - SUBJECT ADDED ENTRY--UNIFORM TITLE
Uniform title New York Times
General subdivision History.
650 #0 - SUBJECT ADDED ENTRY--TOPICAL TERM
Topical term or geographic name entry element Journalists
Geographic subdivision United States
General subdivision Biography.
651 #0 - SUBJECT ADDED ENTRY--GEOGRAPHIC NAME
Geographic name United States
General subdivision History
Chronological subdivision 20th century.
653 ## - INDEX TERM--UNCONTROLLED
Uncontrolled term ბიოგრაფია
906 ## - LOCAL DATA ELEMENT F, LDF (RLIN)
a 7
b cbc
c orignew
d 1
e ocip
f 19
g y-gencatlg
942 ## - ADDED ENTRY ELEMENTS (KOHA)
Source of classification or shelving scheme
Koha item type Books
Holdings
Withdrawn status Lost status Source of classification or shelving scheme Damaged status Not for loan Permanent location Current location Date acquired Inventory number Total Checkouts Full call number Barcode Date last seen Price effective from Koha item type
          Ken Walker International University Ken Walker International University 02/04/2021 690   92 R-45 690 02/04/2021 02/04/2021 Books

Powered by Koha